Problemas de derecho de nacionalidad: proposiciones de reforma
Uloženo v:
| Hlavní autor: | |
|---|---|
| Médium: | Kniha |
| Jazyk: | španělština |
| Vydáno: |
Buenos Aires
Tipográfica Editora Argentina
1946
|
| Témata: | |
| Tagy: |
Přidat tag
Žádné tagy, Buďte první, kdo vytvoří štítek k tomuto záznamu!
|
MARC
| LEADER | 00000nam a2200000 a 4500 | ||
|---|---|---|---|
| 001 | UCS4944 | ||
| 003 | CL-VaPUC | ||
| 008 | 970814e19460000AG |||||||||||||||||spa|d | ||
| 082 | 0 | 4 | |a 341.482 |b LES |2 21 |
| 100 | 0 | |a Lessing, Juan A |e author |9 390789 | |
| 245 | 1 | 0 | |a Problemas de derecho de nacionalidad: proposiciones de reforma |
| 300 | |a 159 p | ||
| 942 | |c BK | ||
| 945 | |d 19970814 00:00:00 |a lriquelm | ||
| 260 | |a Buenos Aires |b Tipográfica Editora Argentina |c 1946 | ||
| 600 | 0 | 7 | |a NACIONES UNIDAS |2 CL-VaPUC |9 255446 |
| 650 | 0 | |a Nacionalidad |9 357571 | |
| 650 | 0 | |a Apátridas |9 382365 | |
| 650 | 0 | |a Derecho internacional |9 255637 | |
| 650 | 7 | |a CONFERENCIAS INTERNACIONALES |2 CL-VaPUC |9 388521 | |
| 650 | 7 | |a REFUGIADOS |2 CL-VaPUC |9 390790 | |
| 583 | |a last modification |c 19970814 00:00:00 |k Rodrigo Vera | ||
| 999 | |c 261707 |d 261705 | ||
| 952 | |0 0 |1 0 |4 0 |6 341_482000000000000_LES_1946 |7 0 |8 P |9 289427 |a BIBDER |b BIBDER |d 2019-11-19 |i 1875876 |o 341.482 LES 1946 |p 1875876 |r 2023-01-25 |w 2019-11-19 |y BK |k DER | ||